Vývoj matematického modelu reaktora skrutkového typu na pyrolýzu heterogénnych tuhých odpadov a jeho experimentálne overenie

Enregistré dans:
Détails bibliographiques
Auteur principal: Husár, Jakub (Auteur)
Autres auteurs: Haydary, Juma (Directeur de thèse)
Format: Manuscrit Livre
Langue:slovaque
Publié: 2021
Sujets:
Accès en ligne:http://is.stuba.sk/zp/portal_zp.pl?podrobnosti=145760
Tags: Ajouter un tag
Pas de tags, Soyez le premier à ajouter un tag!

MARC

LEADER 00000ntm a22000003a 4500
001 stuzp66186
003 SK-STU
005 20210828210336.5
007 ta
008 150427s2015----xo-----f-mn---000-0-slo-d
040 |a STU  |b slo 
041 0 |a slo 
100 1 |a Husár, Jakub  |u 046230  |4 aut  |U FCHPT Ústav chemického a environmentálneho inžinierstva  |T FCHPT Oddelenie chemického a biochemického inžinierstva  |X 61034  |U C6230  |Y 119  |7 61034 
242 0 1 |a Development of a mathematical model of a screw-type reactor for pyrolysis of heterogeneous solid wastes and its experimental verification  |y eng 
245 1 0 |a Vývoj matematického modelu reaktora skrutkového typu na pyrolýzu heterogénnych tuhých odpadov a jeho experimentálne overenie 
260 |c 2021 
650 4 |a pyrolýza  |2 slo 
650 4 |a sekundárne reakcie  |2 slo 
650 4 |a skrutkový reaktor  |2 slo 
650 4 |a matematický model  |2 slo 
650 4 |a mathematical model  |2 eng 
650 4 |a pyrolysis  |2 eng 
650 4 |a secondary reactions  |2 eng 
650 4 |a screw reactor  |2 eng 
700 1 |a Haydary, Juma  |u 046230  |k Z1  |4 ths  |U FCHPT Ústav chemického a environmentálneho inžinierstva  |T FCHPT Oddelenie chemického a biochemického inžinierstva  |X 3923  |U C6230  |Y 119  |7 A000003923 
856 4 |u http://is.stuba.sk/zp/portal_zp.pl?podrobnosti=145760